BASIC ELECTRICITY PART-1 (Record no. 584193)
[ view plain ]
| 000 -LEADER | |
|---|---|
| fixed length control field | 00241nam a22001097a 4500 |
| 082 ## - DEWEY DECIMAL CLASSIFICATION NUMBER | |
| Classification number | 537 BAS'C |
| 100 ## - MAIN ENTRY--PERSONAL NAME | |
| Personal name | CHAPMAN, J. M |
| 9 (RLIN) | 66508 |
| 245 ## - TITLE STATEMENT | |
| Title | BASIC ELECTRICITY PART-1 |
| 250 ## - EDITION STATEMENT | |
| Edition statement | V-1 |
| 260 ## - PUBLICATION, DISTRIBUTION, ETC. | |
| Place of publication, distribution, etc. | NEWYORK |
| Name of publisher, distributor, etc. | TECHNICAL |
| Date of publication, distribution, etc. | 1968 |
| 942 ## - ADDED ENTRY ELEMENTS (KOHA) | |
| Koha item type | Book |
| Withdrawn status | Lost status | Damaged status | Not for loan | Permanent Location | Current Location | Shelving location | Date acquired | Total Checkouts | Full call number | Barcode | Date last seen | Price effective from | Koha item type |
|---|---|---|---|---|---|---|---|---|---|---|---|---|---|
| College of Electrical & Mechanical Engineering (CEME) | College of Electrical & Mechanical Engineering (CEME) | General Stacks | 07/03/2017 | 537 BAS'C | CEME-7065 | 06/28/2021 | 06/28/2021 | Book |
